Statistics for Fifa 20 Top 25 Argentina Players

Click here to take the quiz!

General Stats

  • This quiz has been taken 50 times
  • The average score is 13 of 25

Answer Stats

RatingTeamPlayer% Correct
94FC BarcelonaLionel Messi
100%
89Manchester CitySergio Aguero
98%
86PSGAngel Di Maria
95%
88Piemonte CalcioPaulo Dybala
93%
83Manchester CityNicolas Otamendi
88%
85Piemonte CalcioGonzalo Higuain
68%
84Inter MilanLautaro Martinez
68%
85AtalantaAlejandro Gomez
66%
80Tottenham HotspurErik Lamela
66%
83Tottenham HotspurGiovani Lo Celso
66%
85PSGMauro Icardi
63%
82AjaxNicolas Tagliafico
59%
80PSGLeandro Paredes
51%
83Sevilla FCEver Banega
49%
82Atletico MadridAngel Correa
39%
82AC MilanLucas Biglia
37%
83Valencia CFEzequiel Garay
34%
81Sporting CPMarcos Acuna
29%
81Montpellier HSCGeronimo Rulli
24%
80EstudiantesJavier Mascherano
22%
81FC PortoAgustin Marchesin
17%
80Buenos AiresEduardo Salvio
17%
81Racing ClubLisandro Lopez
17%
81LOSC LilleNicolas Gaitan
17%
81Sevilla FCFranco Vazquez
10%

Score Distribution

Percentile by Number Answered

Percent of People with Each Score

Your Score History

You have not taken this quiz